Pays ayant participé au débarquement de Normandie - Statistiques

Statistiques générales
  • Ce quiz a été pris 1 197 fois
  • Le résultat moyen est 15 sur 19
Statistiques - réponses
Plage Pays % Correct
Utah Beach États-Unis
100%
Omaha Beach États-Unis
100%
Utah Beach Royaume-Uni
98%
Omaha Beach Royaume-Uni
98%
Gold Beach Royaume-Uni
98%
Juno Beach Royaume-Uni
98%
Sword Beach Royaume-Uni
98%
Omaha Beach Canada
95%
Juno Beach Canada
95%
Omaha Beach France Libre
94%
Juno Beach France Libre
94%
Sword Beach France Libre
94%
Gold Beach Pays-Bas
53%
Gold Beach Gouvernement Polonais en exil
44%
Utah Beach Allemagne
38%
Omaha Beach Allemagne
38%
Gold Beach Allemagne
38%
Juno Beach Allemagne
38%
Sword Beach Allemagne
38%
Aucun quiz correspondant
Distribution des résultats
% des personnes avec chaque résultat
Percentile par nombre de réponses
Votre historique - résultats
Vous n’avez pas pris ce quiz